[Event "Chigorin Memorial 29th"]
[Site "St Petersburg"]
[Date "2022.10.26"]
[Round "5"]
[White "Bolotov, Vyacheslav"]
[Black "Piatrenka, Ivan"]
[Result "0-1"]
[WhiteElo "1651"]
[BlackElo "1861"]
[PlyCount "64"]
[EventDate "2022.10.22"]
[EventType "swiss"]
[EventRounds "9"]
[EventCountry "RUS"]
[SourceTitle "EXT 2024"]
[Source "ChessBase"]
[SourceDate "2023.10.10"]
[SourceVersion "1"]
[SourceVersionDate "2023.10.10"]
[SourceQuality "1"]

1. d4 Nf6 2. c4 g6 3. g3 Bg7 4. Bg2 0-0 5. Nf3 d6 6. 0-0 Nc6 7. Nc3 a6 8. h3 Rb8 9. e4 b5 10. cxb5 axb5 11. d5 Na5 12. Nd4 Bd7 13. Qd3 b4 14. Nce2 e5 15. Nb3 Bb5 16. Qd1 c5 17. dxc6 Nxc6 18. Be3 Qc8 19. Re1 Rd8 20. a4 bxa3 21. Rxa3 Nb4 22. Na1 d5 23. exd5 Nfxd5 24. Qb3 Bc4 25. Qa4 Nd3 26. Bxd5 Rxd5 27. Rb1 Bb5 28. Qb3 Bc6 29. Qc4 Nb4 30. Kh2 Rd8 31. Bg5 Qf5 32. Be3 Qxb1 0-1